| 000 | 01685nam a22003135a 4500 | ||
|---|---|---|---|
| 003 | OSt | ||
| 005 | 20160828153709.0 | ||
| 008 | 160828s2010 u frb 000 0 ara d | ||
| 015 | _a2010/1783 | ||
| 040 |
_aEG-ScBUE _bara _cEG-ScBUE |
||
| 043 | _af-ua--- | ||
| 082 | 0 | 4 |
_a346.6202 _bع ط ا _222 |
| 100 | 1 |
_aالعطار، عبد الناصر توفيق. _940942 |
|
| 245 | 1 | 0 |
_aشرح أحكام الإيجار في التقنين المدني وتشريعات إيجار الأماكن : _bدراسة تفصيلية لأحكام قانوني إيجار الأماكن رقم 136 لسنة 1981 ورقم 49 لسنة 1977 والقرارات الوزارية المنفذة لهما والقوانين 4/1996 و6/1997 في ضوء أحكام القانون المدني وأحدث أحكام القضاء مع أحكام الفقه الإسلامي / _cعبد الناصر توفيق العطار. |
| 250 | _aط. 4. | ||
| 260 |
_aالقاهرة : _bالمكتبة الأزهرية للتراث، _c2010. |
||
| 300 |
_a2 مج. (1159 ص.) ؛ _c24 سم. |
||
| 504 | _aيشتمل على إرجاعات ببليوجرافية. | ||
| 650 | 7 |
_aالإيجارات _xقوانين وتشريعات _zمصر. _2BUEsh _940891 |
|
| 650 | 7 |
_aعقود الإيجار _zمصر. _2BUEsh _940893 |
|
| 650 | 7 |
_aعقود الإيجار (فقه إسلامي) _2BUEsh _940944 |
|
| 650 | 7 |
_aالمالك والمستأجر _zمصر. _2BUEsh _940941 |
|
| 650 | 7 |
_aالعقود _xإخلال _zمصر. _2BUEsh _940862 |
|
| 650 | 7 |
_aالعقود _xبطلان _zمصر. _2BUEsh _940866 |
|
| 650 | 7 |
_aالعقود (فقه إسلامي) _2BUEsh _940834 |
|
| 651 | _2BUEsh | ||
| 653 |
_bLLAAWW _cAugust 2016 |
||
| 942 | _2ddc | ||
| 999 |
_c22262 _d22234 |
||